Kvantifikácia a optimalizácia intenzívneho rozvoja investičného procesu socialistickej ekonomiky 3. etapa čiastkovej úlohy SPEV 902-533-402/01

Guardado en:
Detalles Bibliográficos
Formato: Libro
Lenguaje:eslovaco
Publicado: Bratislava VŠE 1988
Etiquetas: Agregar Etiqueta
Sin Etiquetas, Sea el primero en etiquetar este registro!

MARC

LEADER 00000nam a2200000 4500
001 c030146
005 20260325115337.7
041 0 |a slo 
044 |a SK 
245 1 0 |a Kvantifikácia a optimalizácia intenzívneho rozvoja investičného procesu socialistickej ekonomiky  |b 3. etapa čiastkovej úlohy SPEV 902-533-402/01 
264 1 |a Bratislava  |b VŠE  |c 1988 
300 |a 46 s.